[Event "Pelotas Gaucho op"]
[Site "Pelotas"]
[Date "2023.10.14"]
[Round "5"]
[White "Da Silva Neto, Acelino Inacio"]
[Black "De Lorenzi, Diego Rafael"]
[Result "1-0"]
[WhiteElo "1800"]
[BlackElo "1453"]
[PlyCount "77"]
[EventDate "2023.10.12"]
[EventType "swiss"]
[EventRounds "7"]
[EventCountry "BRA"]
[SourceTitle "Mega2024 Update 01"]
[Source "Chessbase"]
[SourceDate "2023.11.12"]
[SourceVersion "1"]
[SourceVersionDate "2023.11.12"]
[SourceQuality "1"]

1. e4 c5 2. Nf3 d6 3. d4 cxd4 4. Nxd4 Nf6 5. Nc3 a6 6. Be3 e6 7. f3 Be7 8. Qd2 0-0 9. a4 Nbd7 10. Be2 g6 11. g4 e5 12. Nb3 Nc5 13. Nxc5 dxc5 14. Qxd8 Rxd8 15. a5 Be6 16. Na4 Nd7 17. h4 c4 18. c3 Rac8 19. Rd1 Rc6 20. Kf2 Rb8 21. f4 f5 22. gxf5 gxf5 23. exf5 Bxf5 24. fxe5 Rf8 25. Bd4 Be4+ 26. Ke3 Bxh1 27. Rxh1 Nc5 28. Bxc4+ Ne6 29. Bd5 Rd8 30. Bxc6 bxc6 31. Bb6 Rd5 32. Ke4 Rd2 33. Be3 Rd5 34. b4 Rb5 35. Nb6 Nc7 36. Bd2 c5 37. c4 Rxb4 38. Bxb4 cxb4 39. Nd5 1-0

[Event "Pelotas Gaucho op"]
[Site "Pelotas"]
[Date "2023.10.13"]
[Round "3"]
[White "Dinegri, Rodrigo"]
[Black "De Lorenzi, Diego Rafael"]
[Result "0-1"]
[WhiteElo "1705"]
[BlackElo "1453"]
[PlyCount "66"]
[EventDate "2023.10.12"]
[EventType "swiss"]
[EventRounds "7"]
[EventCountry "BRA"]
[SourceTitle "Mega2024 Update 01"]
[Source "Chessbase"]
[SourceDate "2023.11.12"]
[SourceVersion "1"]
[SourceVersionDate "2023.11.12"]
[SourceQuality "1"]

1. e4 c5 2. d4 cxd4 3. c3 e5 4. cxd4 exd4 5. Qxd4 Nf6 6. Bg5 Nc6 7. Qa4 Be7 8. Nc3 0-0 9. Rd1 Re8 10. Be2 Bb4 11. Qc2 h6 12. Bxf6 Qxf6 13. Nf3 Qg6 14. 0-0 Bxc3 15. bxc3 d5 16. Bd3 Bh3 17. Nh4 Qg5 18. exd5 Qxh4 19. gxh3 Qg5+ 20. Kh1 Qxd5+ 21. f3 Qh5 22. Qg2 Re5 23. Qg4 Qxg4 24. hxg4 Ra5 25. Bb1 Kf8 26. Rd7 b5 27. Be4 Rc8 28. Bd5 Ne5 29. Rb7 f6 30. Rb1 b4 31. cxb4 Rxd5 32. Rxa7 Rd2 33. Rf1 Rcc2 0-1

[Event "Pelotas Gaucho op"]
[Site "Pelotas"]
[Date "2023.10.12"]
[Round "2"]
[White "De Lorenzi, Diego Rafael"]
[Black "Lima, Joao Pedro Bastos"]
[Result "1-0"]
[WhiteElo "1453"]
[BlackElo "1800"]
[PlyCount "42"]
[EventDate "2023.10.12"]
[EventType "swiss"]
[EventRounds "7"]
[EventCountry "BRA"]
[SourceTitle "Mega2024 Update 01"]
[Source "Chessbase"]
[SourceDate "2023.11.12"]
[SourceVersion "1"]
[SourceVersionDate "2023.11.12"]
[SourceQuality "1"]

1. e4 e6 2. d3 d5 3. Nd2 c5 4. Ngf3 Nc6 5. g3 Nf6 6. e5 Ng4 7. Qe2 Qc7 8. Bg2 Ngxe5 9. 0-0 Bd6 10. Re1 Ng6 11. b3 b6 12. c4 d4 13. Ne4 Bb7 14. Neg5 Nge5 15. Ne4 Nxf3+ 16. Bxf3 Rd8 17. Bg5 Rd7 18. a3 Be7 19. Bd2 h6 20. b4 f5 21. Bh5+ Kd8 1-0